Sports Quiz

Random Sports or Clickable Quiz
Score 0/50 Timer 06:00
0 Plays Today
% Correct
Mourning
96.2%
Bonds
94.6%
Karl
94.6%
Dumars
92.3%
Maddux
92%
Steve
92%
McGriff
91.3%
Alomar
91.3%
Craig
91.3%
Martinez
91%
Thomas
91%
Puckett
91%
Mitch
91%
Carter
90.7%
Mo
90.1%
Lofton
89.7%
Baker
89.7%
Belle
89.4%
Isaac
87.5%
Ozzie
87.2%
Leon
86.9%
Bichette
86.2%
Watters
86.2%
Carlos
86.2%
Mondesí
85.9%
% Correct
Mark
85.9%
Fryar
84.6%
Kennedy
83.7%
Ken
82.4%
Mesa
81.1%
Tyrone
79.5%
Means
78.8%
Coates
78.5%
Heathcliff
78.5%
Willie
78.5%
Herman
78.2%
Kevin
77.2%
Jay
76.6%
Anfernee
76.3%
Mickey
75.6%
Pickens
75.3%
Mathis
75.3%
Tim
74%
Nate
73.1%
Chester
72.4%
John
71.5%
Dawson
71.2%
Leroy
66%
Turner
65.1%
Merton
63.5%
Remove Ads.
Support Sporcle.
Get the best of Sporcle when you Go Orange. This ad-free experience offers more features, more stats, and more fun while also helping to support Sporcle. Thank you for becoming a member.

You're not logged in!

Compare scores with friends on all Sporcle quizzes.
OR
Log In

Show Comments

Extras

Created Oct 7, 2013ReportNominate
Tags:Clickable Quiz, 1995, Big 3, star

Top Quizzes Today


Score Distribution

Your Account Isn't Verified!

In order to create a playlist on Sporcle, you need to verify the email address you used during registration. Go to your Sporcle Settings to finish the process.

Report this User

Report this user for behavior that violates our Community Guidelines.

Details: